An introduction to difference equations (Record no. 18761)

MARC details
000 -LEADER
fixed length control field 00694nam a2200253 a 4500
001 - CONTROL NUMBER
control field 156348
003 - CONTROL NUMBER IDENTIFIER
control field OSt
005 - DATE AND TIME OF LATEST TRANSACTION
control field 20211001172925.0
008 - FIXED-LENGTH DATA ELEMENTS--GENERAL INFORMATION
fixed length control field 180829 ### HIN
020 ## - INTERNATIONAL STANDARD BOOK NUMBER
International Standard Book Number 9788181289049
082 ## - DEWEY DECIMAL CLASSIFICATION NUMBER
Classification number 515.625
Item number E14I
100 ## - MAIN ENTRY--PERSONAL NAME
Personal name Elaydi, Saber
245 ## - TITLE STATEMENT
Title An introduction to difference equations
Statement of responsibility, etc by Saber Elaydi
250 ## - EDITION STATEMENT
Edition statement 3rd ed.
260 ## - PUBLICATION, DISTRIBUTION, ETC. (IMPRINT)
Place of publication, distribution, etc New Delhi
Name of publisher, distributor, etc Springer
Date of publication, distribution, etc 2008
300 ## - PHYSICAL DESCRIPTION
Extent xxii, 539p.
490 ## - SERIES STATEMENT
Series statement Undergraduate texts in mathematics
653 ## - INDEX TERM--UNCONTROLLED
Uncontrolled term Difference equations
653 ## - INDEX TERM--UNCONTROLLED
Uncontrolled term Global analysis (Mathematics)
653 ## - INDEX TERM--UNCONTROLLED
Uncontrolled term Mathematics
653 ## - INDEX TERM--UNCONTROLLED
Uncontrolled term Mathematical optimization
653 ## - INDEX TERM--UNCONTROLLED
Uncontrolled term Functional equations
942 ## - ADDED ENTRY ELEMENTS (KOHA)
Source of classification or shelving scheme Dewey Decimal Classification
Koha item type Books
Holdings
Withdrawn status Lost status Source of classification or shelving scheme Damaged status Not for loan Collection code Home library Current library Date acquired Source of acquisition Full call number Barcode Checked out Date last seen Price effective from Koha item type
    Dewey Decimal Classification     General Text Book Central University Of Rajasthan Central University Of Rajasthan 29/08/2018 MTH(P) 515.625 E14I 31271 31/12/2018 02/09/2020 02/09/2020 Books